Materia medica : pharmacy, pharmacology and therapeutics /

Saved in:
Bibliographic Details
Main Author: Hale-White, William, Sir, 1857-1949
Format: Book
Published: London : Churchill, 1963.
Edition:32nd ed.
LEADER 00720nam a22001811i 4500
001 c000017092
003 CARM
005 00000000000000.0
008 890401s1963 enk 00010 d
019 1 |a 7187306  |5 LACONCORD2021 
035 |a (OCoLC)220698359  |5 LACONCORD2021 
100 2 |a Hale-White, William,  |c Sir,  |d 1857-1949. 
245 1 0 |a Materia medica :  |b pharmacy, pharmacology and therapeutics /  |c by Sir William Hale-White. 
250 |a 32nd ed. 
260 |a London :  |b Churchill,  |c 1963. 
852 8 |b CARM  |h A2:AB04G0  |i A00001  |p 0000436  |f BK 
999 f f |i 71e2297d-ea18-52be-b96f-0d817d24be68  |s 19103a6a-ffa9-522a-9578-125e36fdbe85 
952 f f |p Can circulate  |a CAVAL  |b CAVAL  |c CAVAL  |d CARM 1 Store  |e A00001  |f A2:AB04G0  |h Other scheme  |i book  |m 0000436